000 01016cam a22002898a 4500
005 20260322212035.0
008 data
010 _a 98014310
020 _a1574100971 (pbk.)
020 _a9781574100976 (pbk.)
040 _aDLC
_cDLC
_dDLC
043 _an-us---
050 0 0 _aHF5429.3
_b.F718 1998
082 0 0 _a658.8/708
_221
092 _a658.8 F718 1998
245 0 0 _aFranchising 101 :
_bthe complete guide to evaluating, buying, and growing your franchised business /
_cedited by Ann Dugan & Association of Small Business Development Centers.
246 3 _aFranchising one hundred one
260 _aChicago, Ill. :
_bUpstart Publishing,
_c1998.
263 _a1111
300 _ap. cm.
500 _aIncludes index.
650 0 _aFranchises (Retail trade)
_zUnited States
_xHandbooks, manuals, etc.
700 1 _aDugan, Ann.
710 2 _aAssociation of Small Business Development Centers.
856 4 2 _3Publisher description
_uhttp://www.loc.gov/catdir/enhancements/fy0708/98014310-d.html
001 data
999 _c821
_d821